00962nam a2200229 a 4500001001000000003000500010005001700015008004100032010001100073011001100084040000900095100003300104245021000137260004100347500006000388502011100448650002900559650002100588650003200609650002100641856007000662000111022CHAP20220329144154.0141125s2014 mx a fsm |||||||spa d a107484 a108456 cCHAP1 aGarcía Matamoros, Mauricio10aAnálisis económico y agronómico de la agricultura por contrato en maíz blanco del ciclo P-V 2013 en el distrito de desarrollo rural de libres, Pueblah[En línea]cpor Mauricio García Matamoros. aChapingo, Méx. :bEl autor,c2014. aPara ver el contenido del material haga clic en la liga aTesis (Ing. Agr. Esp. en Economía Agrícola) -- UACH. División de Ciencias Económico Administativas14aAgricultura contractual.14aMaízxCalidad.14aMaízxComercialización.14aMaízxPrecios. aFinding aiduhttp://10.13.5.2/tesis/sist111022.pdfzTeclea aquí